<?xml version="1.0" encoding="UTF-8"?>
<record
    xmlns:xsi="http://www.w3.org/2001/XMLSchema-instance"
    xsi:schemaLocation="http://www.loc.gov/MARC21/slim http://www.loc.gov/standards/marcxml/schema/MARC21slim.xsd"
    xmlns="http://www.loc.gov/MARC21/slim">

  <leader>02760nam a2200445 i 4500</leader>
  <controlfield tag="001">193484</controlfield>
  <controlfield tag="003">SpMaBN</controlfield>
  <controlfield tag="005">20250815051245.0</controlfield>
  <controlfield tag="007">ta</controlfield>
  <controlfield tag="008">240102s2018    sp     | |||| 001 0 spa  </controlfield>
  <datafield tag="017" ind1=" " ind2=" ">
    <subfield code="a">M 29941-2023</subfield>
    <subfield code="b">Oficina Dep&#xF3;sito Legal Madrid</subfield>
  </datafield>
  <datafield tag="020" ind1=" " ind2=" ">
    <subfield code="a">9788446054481</subfield>
  </datafield>
  <datafield tag="035" ind1=" " ind2=" ">
    <subfield code="a">(OCoLC)1082212812</subfield>
  </datafield>
  <datafield tag="035" ind1=" " ind2=" ">
    <subfield code="a">a6366724</subfield>
  </datafield>
  <datafield tag="040" ind1=" " ind2=" ">
    <subfield code="a">SpMaBN</subfield>
    <subfield code="b">spa</subfield>
    <subfield code="c">SpMaBN</subfield>
    <subfield code="e">rda</subfield>
    <subfield code="d">ES-MaACL</subfield>
  </datafield>
  <datafield tag="080" ind1=" " ind2=" ">
    <subfield code="a">27-31-144.894</subfield>
  </datafield>
  <datafield tag="080" ind1=" " ind2=" ">
    <subfield code="a">27-312</subfield>
  </datafield>
  <datafield tag="100" ind1="1" ind2=" ">
    <subfield code="a">Bermejo Rubio, Fernando</subfield>
    <subfield code="9">234785</subfield>
  </datafield>
  <datafield tag="245" ind1="1" ind2="3">
    <subfield code="a">La invenci&#xF3;n de Jes&#xFA;s de Nazaret :</subfield>
    <subfield code="b">historia, ficci&#xF3;n, historiograf&#xED;a /</subfield>
    <subfield code="c">Fernando Bermejo Rubio.</subfield>
  </datafield>
  <datafield tag="250" ind1=" " ind2=" ">
    <subfield code="a">Edici&#xF3;n ampliada y actualizada</subfield>
  </datafield>
  <datafield tag="264" ind1=" " ind2="1">
    <subfield code="a">Tres Cantos, Madrid, Espa&#xF1;a :</subfield>
    <subfield code="b">Siglo XXI de Espa&#xF1;a Editores, S.A.,</subfield>
    <subfield code="c">2023</subfield>
  </datafield>
  <datafield tag="264" ind1=" " ind2="4">
    <subfield code="c">&#xA9;2023</subfield>
  </datafield>
  <datafield tag="300" ind1=" " ind2=" ">
    <subfield code="a">796 p&#xE1;ginas ;</subfield>
    <subfield code="c">22 cm</subfield>
  </datafield>
  <datafield tag="336" ind1=" " ind2=" ">
    <subfield code="a">Texto</subfield>
    <subfield code="2">rdacontent</subfield>
  </datafield>
  <datafield tag="337" ind1=" " ind2=" ">
    <subfield code="a">sin mediaci&#xF3;n</subfield>
    <subfield code="2">rdamedia</subfield>
  </datafield>
  <datafield tag="338" ind1=" " ind2=" ">
    <subfield code="a">volumen</subfield>
    <subfield code="2">rdacarrier</subfield>
  </datafield>
  <datafield tag="490" ind1="1" ind2=" ">
    <subfield code="a">Varios Siglo XXI ;</subfield>
    <subfield code="v">1236</subfield>
  </datafield>
  <datafield tag="504" ind1=" " ind2=" ">
    <subfield code="a">Bibliograf&#xED;a: p&#xE1;ginas 695-748. &#xCD;ndices</subfield>
  </datafield>
  <datafield tag="520" ind1=" " ind2=" ">
    <subfield code="a">
En tiempos del emperador Tiberio, un jud&#xED;o que predicaba la llegada del reino de Dios fue crucificado en Jerusal&#xE9;n por orden del prefecto romano Poncio Pilato. Este fue el inicio de un proceso que acabar&#xED;a presentando a Jes&#xFA;s como un ser divino. Que esta glorificaci&#xF3;n prosiga hasta hoy exige del pensamiento cr&#xED;tico un exhaustivo ejercicio de examen y estudio. &#xBF;Cabe distinguir la realidad del relato heredado? &#xBF;Tienen algo en com&#xFA;n el Cristo de la tradici&#xF3;n y el Jes&#xFA;s que la investigaci&#xF3;n hist&#xF3;rica desvela? &#xBF;C&#xF3;mo se explica la divinizaci&#xF3;n del personaje en la cuenca mediterr&#xE1;nea del siglo I? &#xBF;Es posible hallar un sentido a la proliferaci&#xF3;n de obras sobre el &#xAB;Jes&#xFA;s hist&#xF3;rico&#xBB;?

Tras una extensa investigaci&#xF3;n que goza de difusi&#xF3;n e impacto internacionales, Fernando Bermejo Rubio responde de modo iluminador a todas estas cuestiones. En La invenci&#xF3;n de Jes&#xFA;s de Nazaret, el historiador de las religiones hace inteligible tanto la figura de Jes&#xFA;s como la construcci&#xF3;n cultural que subyace al Cristo de la fe. 
</subfield>
  </datafield>
  <datafield tag="600" ind1="0" ind2="4">
    <subfield code="a">Jesucristo-</subfield>
    <subfield code="x">Divinidad</subfield>
    <subfield code="2">embne</subfield>
    <subfield code="9">66365</subfield>
  </datafield>
  <datafield tag="600" ind1="0" ind2="4">
    <subfield code="a">Jesucristo-</subfield>
    <subfield code="x">Historicidad</subfield>
    <subfield code="2">embne</subfield>
    <subfield code="9">66367</subfield>
  </datafield>
  <datafield tag="830" ind1=" " ind2="0">
    <subfield code="a">Varios (Siglo XXI)</subfield>
    <subfield code="v">1236</subfield>
    <subfield code="9">234786</subfield>
  </datafield>
  <datafield tag="852" ind1=" " ind2=" ">
    <subfield code="a">ES-MaACL</subfield>
    <subfield code="b">R.154899</subfield>
    <subfield code="c">DEPOJ</subfield>
    <subfield code="j">N-9661</subfield>
    <subfield code="h">Donaci&#xF3;n: Fernando Bermejo Rubio</subfield>
    <subfield code="9">200963</subfield>
    <subfield code="g">Dedicatoria aut&#xF3;grafa del autor</subfield>
    <subfield code="x">Encuadernaci&#xF3;n carton&#xE9; con sobrecubiertas</subfield>
  </datafield>
  <datafield tag="903" ind1=" " ind2=" ">
    <subfield code="9">234785</subfield>
    <subfield code="a">Bermejo Rubio, Fernando</subfield>
    <subfield code="e">dnr</subfield>
  </datafield>
  <datafield tag="942" ind1=" " ind2=" ">
    <subfield code="n">0</subfield>
    <subfield code="c">MONOGRAFIA</subfield>
  </datafield>
  <datafield tag="999" ind1=" " ind2=" ">
    <subfield code="c">193484</subfield>
    <subfield code="d">193484</subfield>
  </datafield>
  <datafield tag="952" ind1=" " ind2=" ">
    <subfield code="0">0</subfield>
    <subfield code="1">0</subfield>
    <subfield code="2">udc</subfield>
    <subfield code="4">0</subfield>
    <subfield code="7">0</subfield>
    <subfield code="8">Librosdedicados</subfield>
    <subfield code="a">ATENEOM</subfield>
    <subfield code="b">ATENEOM</subfield>
    <subfield code="c">DEPOJ</subfield>
    <subfield code="d">2023-12-13</subfield>
    <subfield code="e">DONACION</subfield>
    <subfield code="l">0</subfield>
    <subfield code="o">N-9661</subfield>
    <subfield code="p">101206243</subfield>
    <subfield code="r">2024-01-02 00:00:00</subfield>
    <subfield code="w">2024-01-02</subfield>
    <subfield code="y">MONOGRAFIA</subfield>
    <subfield code="z">Dedicatoria aut&#xF3;grafa del autor</subfield>
  </datafield>
</record>
